State Abbreviations in Alphabetical Order - Statistics

General Stats
  • This quiz has been taken 256 times
  • The average score is 26 of 50
Answer Stats
Abbv. % Correct
AL
97%
AK
91%
AR
91%
DE
87%
CO
86%
CA
85%
CT
84%
GA
83%
FL
82%
AZ
80%
HI
80%
IA
71%
ID
69%
IL
66%
IN
64%
MA
60%
KY
59%
LA
59%
KS
58%
MI
55%
MD
54%
ME
53%
MN
52%
MO
51%
MS
46%
MT
45%
WY
43%
NC
39%
ND
39%
NE
39%
NH
38%
NJ
38%
NM
38%
WA
35%
WV
35%
NY
34%
OH
34%
WI
33%
PA
32%
OK
31%
OR
31%
NV
30%
VA
30%
VT
30%
RI
29%
SC
29%
TN
29%
UT
29%
SD
28%
TX
27%
No matching quizzes found
Score Distribution
Percent of People with Each Score
Percentile by Number Answered
Your Score History
You have not taken this quiz